De los últimos de Kronstad y otros olvidados de la Guerra de la Independencia / (Record no. 173713)

MARC details
000 -LEADER
campo de control de longitud fija 00878 am a2200241 4500
001 - NÚMERO DE CONTROL
campo de control 173713
003 - IDENTIFICADOR DE NÚMERO DE CONTROL
campo de control ES-MaACL
005 - FECHA Y HORA DE LA ÚLTIMA TRANSACCIÓN
campo de control 20240229062732.0
008 - DATOS DE LONGITUD FIJA--INFORMACIÓN GENERAL
campo de control de longitud fija 100113s2009 sp | |||||||| | spa d
020 ## - NÚMERO INTERNACIONAL ESTÁNDAR DEL LIBRO
Número Internacional Estándar del Libro 978-84-9781-497-3
080 ## - NÚMERO DE LA CLASIFICACIÓN DECIMAL UNIVERSAL
Número de la Clasificación Decimal Universal 94(460)"1808/14"
100 1# - ENTRADA PRINCIPAL--NOMBRE DE PERSONA
Nombre de persona Porras y Rodríguez de León, Gonzalo de.
9 (RLIN) 141910
245 10 - MENCIÓN DEL TÍTULO
Título De los últimos de Kronstad y otros olvidados de la Guerra de la Independencia /
Mención de responsabilidad, etc. Gonzalo de Porras y Rodríguez de León.
260 ## - PUBLICACIÓN, DISTRIBUCIÓN, ETC.
Lugar de publicación, distribución, etc. [Madrid] :
Nombre del editor, distribuidor, etc. Ministerio de Defensa, Secretaría General Técnica,
Fecha de publicación, distribución, etc. 2009.
300 ## - DESCRIPCIÓN FÍSICA
Extensión 386 p. ;
Dimensiones 20 cm.
490 1# - MENCIÓN DE SERIE
Mención de serie Adalid ;
Designación de volumen o secuencia 59
504 ## - NOTA DE BIBLIOGRAFÍA, ETC.
Nota de bibliografía, etc. Bibliografía: p. [351]-353. Índice.
586 8# - NOTA DE PREMIOS
Nota de premios Premio Ejército, 2008
651 #4 - PUNTO DE ACCESO ADICIONAL DE MATERIA--NOMBRE GEOGRÁFICO
Nombre geográfico España-
Subdivisión general Historia-
Subdivisión cronológica 1808-1814, Guerra de la Independencia
9 (RLIN) 8244
830 0# - PUNTO DE ACCESO ADICIONAL DE SERIE-TÍTULO UNIFORME
Título uniforme Adalid ;
Designación de volumen o secuencia 59
9 (RLIN) 189241
852 ## - LOCALIZACIÓN
Ubicación ES-MaACL
Número de control de estantería L-8732
Holdings
Estatus retirado Estado de pérdida Estado de daño No para préstamo Biblioteca de origen Biblioteca actual Ubicación en estantería Fecha de adquisición Fuente de adquisición Total de préstamos Signatura topográfica completa Código de barras Visto por última vez Precio de reemplazo Tipo de ítem Koha
        Biblioteca del Ateneo de Madrid Biblioteca del Ateneo de Madrid Depósito 2 13/01/2010     L-8732 1182342 23/02/2023 23/02/2023 Libro impreso